000 00553nam a2200169Ia 4500
003 GCL
008 140319s9999 xx 000 0 ara d
040 _aGCL /
_cGCL
082 0 4 _a415
_bف ش
100 1 _aفتحى على حسانين
245 1 0 _aالشواهد النحوية فى شعر الفرزدق /
_cفتحى على حسانين
300 _a236 ص
490 _aالهيئة العامة للاستعلامات
_v0
650 0 4 _aاللغة العربية - النحو
650 0 4 _aالادب العربى - الشعر
942 _2ddc
_cBK
999 _c50100
_d50100